Simulation of a three phase buck rectifier using MATLAB/Simulink /
Saved in:
| Main Author: | |
|---|---|
| Format: | Thesis Book |
| Language: | English |
| Published: |
2010.
|
| Subjects: | |
| Tags: |
Add Tag
No Tags, Be the first to tag this record!
|
| LEADER | 01192cam a2200301 a 4500 | ||
|---|---|---|---|
| 001 | u853575 | ||
| 003 | SIRSI | ||
| 005 | 201203211627 | ||
| 008 | 120321s2010 my a t 000 0 eng m | ||
| 040 | |a UMM |d UMJ | ||
| 090 | |a TK7 |b UM 2010 Wannwg | ||
| 097 | |a TK7 |b UM 2010 Wannwg | ||
| 100 | 0 | |a Wan Norhayati Wan Gati. | |
| 245 | 1 | 0 | |a Simulation of a three phase buck rectifier using MATLAB/Simulink / |c Wan Norhayati Wan Gati. |
| 260 | |c 2010. | ||
| 300 | |a xii, 72 leaves : |b ill. ; |c 30 cm. | ||
| 502 | |a Dissertation (M.Eng.) -- Jabatan Kejuruteraan Elektrik, Fakulti Kejuruteraan, Universiti Malaya, 2010. | ||
| 504 | |a Bibliography: leaves 54-56. | ||
| 630 | 0 | 0 | |a MATLAB |
| 630 | 0 | 0 | |a SIMULINK |
| 650 | 0 | |a Engineering mathematics |x Data processing. | |
| 650 | 0 | |a Electric current rectifiers. | |
| 650 | 0 | |a Computer programming. | |
| 710 | 2 | |a Universiti Malaya. |b Jabatan Kejuruteraan Elektrik. | |
| 900 | |a NHS | ||
| 596 | |a 1 7 | ||
| 999 | |a TK7 UM 2010 WANNWG |w LC |c 2 |i A514901520 |d 8/4/2014 |f 8/4/2014 |g 1 |l STACKS |m P07JURUTER |r N |s Y |t TESIS |u 2/4/2014 | ||
| 999 | |a TK7 UM 2010 WANNWG |w LC |c 1 |i A513412349 |d 18/12/2012 |f 18/12/2012 |g 1 |l B_KOM1 |m P01UTAMA |r N |s Y |t TESIS |u 17/12/2012 |o .CIRCNOTE. BKOM 1 :035344 | ||
